| 000 | 00998nam a2200241 a 4500 | ||
|---|---|---|---|
| 001 | 000008574 | ||
| 005 | 20240530073930.0 | ||
| 008 | 090917s2001 pr 000 e spa d | ||
| 020 | _a9993439134 | ||
| 040 |
_aDO-SdBNP _bspa _cBNPHU |
||
| 082 |
_aRD864.44 _bF727d |
||
| 100 | 1 |
_aFornerín, Miguel Ángel, _d1960- _922504 |
|
| 245 | 1 | 3 |
_aLa dominicanidad viajera : _b(ensayos sobre la diáspora, cultura, sociedad, política y literatura en el Santo Domingo de fin de siglo) / _cMiguel Ángel Fornerín ; prólogo Tomás López Ramírez. |
| 260 |
_aSan Juan, Puerto Rico : _bImago Mundi _bLibrería la Trinitaria. |
||
| 300 |
_a312 p. ; _c23 cm. |
||
| 500 | _aIncluye datos biográficos del autor en la solapa de la cubierta | ||
| 650 | 0 |
_aEnsayos dominicanos _965 |
|
| 650 | 0 |
_aLiteratura dominicana. _967 |
|
| 651 | 4 |
_aRepública Dominicana _xCaracterísticas Nacionales _91720 |
|
| 700 | 1 | 2 |
_aLópez Ramírez, Tomás, _bpról. _922972 |
| 910 | _aValidado. Control de calidad MFF | ||
| 049 | _aBNPD | ||
| 999 |
_c8344 _d8344 |
||